Sports Quiz

Random Sports or MLB Quiz
Score 0/97 Timer 10:00
3 Plays Today
HRs Player % Correct
47Cody Bellinger
90.1%
31Duke Snider
82.2%
29Duke Snider
82.2%
42Duke Snider
82.2%
40Duke Snider
82.2%
42Duke Snider
82.2%
43Duke Snider
82.2%
40Duke Snider
82.2%
35Mike Piazza
80.3%
32Mike Piazza
80.3%
36Mike Piazza
80.3%
40Mike Piazza
80.3%
49Shawn Green
78.5%
28Shawn Green
78.5%
42Shawn Green
78.5%
26Matt Kemp
76.1%
28Matt Kemp
76.1%
39Matt Kemp
76.1%
25Matt Kemp
76.1%
25Cody Bellinger
75.3%
33Steve Garvey
75.1%
28Steve Garvey
75.1%
26Steve Garvey
75.1%
39Cody Bellinger
74.3%
48Adrian Beltre
73.5%
31Roy Campanella
71.6%
33Roy Campanella
71.6%
41Roy Campanella
71.6%
32Roy Campanella
71.6%
27Justin Turner
69.3%
25Ron Cey
67.3%
30Ron Cey
67.3%
28Ron Cey
67.3%
HRs Player % Correct
28Ron Cey
67.3%
36Joc Pederson
66.3%
28Yasiel Puig
65.3%
35Max Muncy
64.5%
32Gil Hodges
62.5%
40Gil Hodges
62.5%
32Gil Hodges
62.5%
31Gil Hodges
62.5%
42Gil Hodges
62.5%
27Gil Hodges
62.5%
27Gil Hodges
62.5%
32Gil Hodges
62.5%
25Gil Hodges
62.5%
28Adrian Gonzalez
62.3%
27Adrian Gonzalez
62.3%
32Eric Karros
61.3%
34Eric Karros
61.3%
31Eric Karros
61.3%
34Eric Karros
61.3%
31Eric Karros
61.3%
25Kirk Gibson
59.4%
27Justin Turner
59.3%
32Reggie Smith
59.2%
29Reggie Smith
59.2%
34Gary Sheffield
57.1%
43Gary Sheffield
57.1%
36Gary Sheffield
57.1%
26Corey Seager
56.1%
32Pedro Guerrero
55.3%
32Pedro Guerrero
55.3%
33Pedro Guerrero
55.3%
27Pedro Guerrero
55.3%
27Tommy Davis
53.5%
HRs Player % Correct
25Joc Pederson
50.6%
35Max Muncy
50.5%
26Joc Pederson
50.2%
25Joc Pederson
50.2%
31Andre Ethier
49.3%
26Raul Mondesi
48.5%
30Raul Mondesi
48.5%
30Raul Mondesi
48.5%
33Raul Mondesi
48.5%
30Dusty Baker
47.7%
29Dusty Baker
47.7%
28Davey Lopes
38.8%
28Darryl Strawberry
37.9%
27Yasmani Grandal
36.4%
29Jeff Kent
34.5%
26Eddie Murray
32.7%
28Mike Marshall
30.2%
26Carl Furillo
29.1%
31Frank Howard
27.6%
28Frank Howard
27.6%
32Jimmy Wynn
25.3%
35Babe Herman
23.2%
25Paul Lo Duca
23.2%
26Dolph Camilli
20.3%
34Dolph Camilli
20.3%
26Dolph Camilli
20.3%
25Joe Ferguson
18.7%
31Todd Zeile
16.9%
27Kal Daniels
14.1%
27Jack Fournier
8.7%
25Del Bissonette
6.3%

You're not logged in!

Compare scores with friends on all Sporcle quizzes.
OR
Log In

Sporcle TV

Today on Sporcle TV


Watch our educational content, quiz creation guides, and fun videos on Sporcle TV.

Show Comments

Extras

Top Quizzes Today


Score Distribution

Paid Content

Your Account Isn't Verified!

In order to create a playlist on Sporcle, you need to verify the email address you used during registration. Go to your Sporcle Settings to finish the process.

Report this User

Report this user for behavior that violates our Community Guidelines.

Details: